Estado actual das pesquisas em bioacustica e sua contribuicao para o estudo e a protecao das aves no Brasil (Registro nro. 13063)

Detalles MARC
000 -CABECERA
Campo de control 006500000a22002050004500
090 ## - CLASIFICACIÓN LOCAL
Colección AR
Consecutivo 04030
041 0# - IDIOMA
Código de idioma para texto/pista de sonido o título separado
100 1# - ASIENTO PRINCIPAL--NOMBRE PERSONAL
Nombre personal Vielliard, Jacques M.
245 10 - MENCION DE TITULO
Título Estado actual das pesquisas em bioacustica e sua contribuicao para o estudo e a protecao das aves no Brasil
260 ## - PUBLICACION, DISTRIBUCION, ETC. (PIE DE IMPRENTA)
Lugar de publicación, distribución, etc. Río de Janeiro
Nombre del editor, distribuidor, etc. Eduerj
Fecha de publicación, distribución, etc. 2000
300 ## - DESCRIPCION FISICA
Extensión 287-301
500 ## - NOTA GENERAL
Nota general <Curso de Bioacústica>
650 14 - ASIENTO SECUNDARIO DE MATERIA - TERMINO TEMATICO
Término temático o nombre geográfico como elemento de entrada Bioacústica
650 14 - ASIENTO SECUNDARIO DE MATERIA - TERMINO TEMATICO
Término temático o nombre geográfico como elemento de entrada Aves
650 14 - ASIENTO SECUNDARIO DE MATERIA - TERMINO TEMATICO
Término temático o nombre geográfico como elemento de entrada Conservación
650 14 - ASIENTO SECUNDARIO DE MATERIA - TERMINO TEMATICO
Término temático o nombre geográfico como elemento de entrada Ornitología
651 #4 - ASIENTO SECUNDARIO DE MATERIA - NOMBRE GEOGRAFICO
-- Brasil
773 1# - Item fuente:
Título In Ornitologia no Brasil
Datos de la serie pesquisa atual e perspectivas
942 ## - ELEMENTOS ADICIONALES (KOHA)
Tipo de ítem Artículo
Existencias
Withdrawn status Lost status Damaged status No para préstamo Colección Ubicación Permanente Ubicación actual Fecha de adquisición Fuente de Valor Datos de publicación Seriada Total Checkouts Número topográfico Inventario / Código de Barras Date last seen Ejemplar Price effective from Forma de adquisición Tipo de material
      No para Préstamo Hemeroteca Bogotá Bogotá 27/02/2015 Curso de Bioacústica Fuera de circulación   AR 04030 017623 25/03/2015 1 25/03/2015   Artículo